[Event "Kaspersky op U16"]
[Site "Tornelo INT"]
[Date "2021.04.02"]
[Round "11"]
[White "Royal, Shreyas"]
[Black "Chuprynenka, Yauheni"]
[Result "1-0"]
[WhiteElo "2121"]
[BlackElo "1475"]
[PlyCount "33"]
[EventDate "2021.04.02"]
[EventType "swiss (blitz)"]
[EventRounds "11"]
[EventCountry "RUS"]
[SourceTitle "CBM 201 Extra"]
[Source "ChessBase"]
[SourceDate "2021.05.31"]
[SourceVersion "1"]
[SourceVersionDate "2021.05.31"]
[SourceQuality "1"]

1. d4 c5 2. d5 Nf6 3. Nc3 g6 4. e4 d6 5. f4 Bg4 6. Nf3 Bg7 7. h3 Bxf3 8. Qxf3 0-0 9. g4 Qa5 10. Bd2 Nbd7 11. h4 h5 12. gxh5 Nxh5 13. Be2 Qb4 14. 0-0-0 c4 15. Qh3 Qc5 16. Bxh5 gxh5 17. Qxd7 1-0

[Event "Kaspersky op U16"]
[Site "Tornelo INT"]
[Date "2021.04.02"]
[Round "9"]
[White "Rudnev, Andrei"]
[Black "Chuprynenka, Yauheni"]
[Result "1/2-1/2"]
[WhiteElo "1606"]
[BlackElo "1475"]
[PlyCount "145"]
[EventDate "2021.04.02"]
[EventType "swiss (blitz)"]
[EventRounds "11"]
[EventCountry "RUS"]
[SourceTitle "CBM 201 Extra"]
[Source "ChessBase"]
[SourceDate "2021.05.31"]
[SourceVersion "1"]
[SourceVersionDate "2021.05.31"]
[SourceQuality "1"]

1. e4 c5 2. Nc3 e6 3. g3 Nc6 4. Bg2 Nf6 5. d3 d5 6. f4 Be7 7. Nf3 0-0 8. e5 Nd7 9. 0-0 a6 10. g4 b5 11. Ne2 f6 12. exf6 Nxf6 13. h3 Bb7 14. c3 Qc7 15. d4 Ne4 16. Be3 Rad8 17. Nd2 cxd4 18. Nxd4 Nxd4 19. cxd4 Qb6 20. Nf3 Bd6 21. Ne5 Bxe5 22. fxe5 Rxf1+ 23. Qxf1 Rf8 24. Qd3 a5 25. Rf1 Rxf1+ 26. Bxf1 Bc6 27. Qc2 b4 28. Bd3 a4 29. Qc1 Qb7 30. Bxe4 dxe4 31. Qc5 Bd5 32. Bd2 b3 33. a3 h6 34. Kf2 Qf7+ 35. Ke1 Qf3 36. Qc3 Qh1+ 37. Ke2 Qg2+ 38. Ke1 Kh7 39. Qe3 Bc4 40. Bc3 Qf1+ 41. Kd2 Qb1 42. h4 Bd3 43. g5 Qc2+ 44. Ke1 Qh2 45. Qf2 Qh1+ 46. Kd2 Bc2 47. Qe2 Qxh4 48. gxh6 Qxh6+ 49. Qe3 Qxe3+ 50. Kxe3 Kg6 51. Kf4 Bd3 52. Bd2 Kh5 53. Kg3 g5 54. Bc1 Kg6 55. Bd2 Kf5 56. Be3 Be2 57. Kh3 Bf3 58. Kg3 Kg6 59. Bd2 g4 60. Bc1 Kf7 61. Bd2 Ke8 62. Bf4 Kd7 63. Kf2 Kc6 64. Ke3 Kd5 65. Bg3 Kc4 66. Bh2 Kd5 67. Bg3 Kc6 68. Bh2 Kd7 69. Bf4 Ke7 70. Kf2 Kd7 71. Ke3 Bd1 72. Bh2 Bf3 73. Bf4 1/2-1/2